UM Logo

A modified flux observer for sensorless direct torque control of dual three-phase pmsm considering open-circuit fault / (Record no. 21562)

MARC details
000 -LEADER
fixed length control field 01196nam a22002777a 4500
003 - CONTROL NUMBER IDENTIFIER
control field OSt
005 - DATE AND TIME OF LATEST TRANSACTION
control field 20250410084858.0
008 - FIXED-LENGTH DATA ELEMENTS--GENERAL INFORMATION
fixed length control field 240912b ||||| |||| 00| 0 eng d
040 ## - CATALOGING SOURCE
Transcribing agency 0
082 ## - DEWEY DECIMAL CLASSIFICATION NUMBER
Classification number DPer 621.317 Ie21 December 2022 v.37 n. 12 part 1&2.
100 ## - MAIN ENTRY--PERSONAL NAME
Personal name Qiu, Xianqun.
Relator term author.
9 (RLIN) 60849
245 ## - TITLE STATEMENT
Title A modified flux observer for sensorless direct torque control of dual three-phase pmsm considering open-circuit fault /
Statement of responsibility, etc. Xianqun Qiu, Jinghua Ji, Dao Zhou, Wenxiang Zhao, Yiafan Chen, and Linsen Huang.
260 ## - PUBLICATION, DISTRIBUTION, ETC. (IMPRINT)
Place of publication, distribution, etc. New York ;
Name of publisher, distributor, etc. The Institute of Electrical and Electronics Engineers, Inc.,
Date of publication, distribution, etc. December 2022.
300 ## - PHYSICAL DESCRIPTION
Extent volume 37, pages 15356-15369,
Other physical details illustration.
500 ## - GENERAL NOTE
General note IEEE Transactions on Power Electronics, v. 37 n. 12, pages 15356-15369, December 2022.
650 #0 - SUBJECT ADDED ENTRY--TOPICAL TERM
Topical term or geographic name as entry element dual three-phase motor.
9 (RLIN) 66261
650 #0 - SUBJECT ADDED ENTRY--TOPICAL TERM
Topical term or geographic name as entry element fault-tolerant.
9 (RLIN) 66262
650 #0 - SUBJECT ADDED ENTRY--TOPICAL TERM
Topical term or geographic name as entry element flux observer.
9 (RLIN) 66263
700 ## - ADDED ENTRY--PERSONAL NAME
Personal name Qiu, Xianqun.
Relator term author.
9 (RLIN) 60849
700 ## - ADDED ENTRY--PERSONAL NAME
Personal name Ji, Jinghua.
Relator term author
9 (RLIN) 60850
700 ## - ADDED ENTRY--PERSONAL NAME
Personal name Zhou, Dao.
Relator term author
9 (RLIN) 60851
700 ## - ADDED ENTRY--PERSONAL NAME
Personal name Zhao, Wenxiang.
Relator term author
9 (RLIN) 60852
700 ## - ADDED ENTRY--PERSONAL NAME
Personal name Chen, Yiafan.
Relator term author
9 (RLIN) 60853
700 ## - ADDED ENTRY--PERSONAL NAME
Personal name Huang, Linsen.
Relator term author.
9 (RLIN) 60854
942 ## - ADDED ENTRY ELEMENTS (KOHA)
Source of classification or shelving scheme Dewey Decimal Classification
Koha item type Periodicals
Holdings
Withdrawn status Lost status Source of classification or shelving scheme Damaged status Not for loan Collection code Home library Current library Date acquired Total Checkouts Full call number Date last seen Price effective from Koha item type Public note
    Dewey Decimal Classification     Periodicals UM Digos College - LIC UM Digos College - LIC 09/12/2024   DPer 621.317 Ie21 December 2022 v.37 n. 12 part 1&2. 09/12/2024 09/12/2024 Periodicals Periodical Article